| 000 | 00505nam a2200157Ia 4500 | ||
|---|---|---|---|
| 005 | 20250508152744.0 | ||
| 008 | 008 250505s9999 xx 000 0 eng d | ||
| 037 | _aBooks to be hide in OPAC | ||
| 040 |
_aFEDL _beng _cFEDL |
||
| 041 |
_aeng _2eng |
||
| 084 |
_a370.7809 42, NAT/O _qFEDL |
||
| 245 | 0 | _aNational foundation for educational research in England and Wales: Tenth annual report 1955-1956 | |
| 300 | _a43p. | ||
| 942 |
_cHB _h370.7809 42, NAT/O |
||
| 999 |
_c1338536 _d1338536 |
||